| 000 | 00756nam a2200229Ii 4500 | ||
|---|---|---|---|
| 003 | JO-AjNU | ||
| 008 | 230605s9999||||xx |||||||||||||| ||und|| | ||
| 017 | _a2003/5/958 | ||
| 020 | _a9957-32-026-2 | ||
| 040 |
_aJO-AjNU _bara _erda _cJO-AjNU |
||
| 041 | _aara | ||
| 050 | 1 | 4 | _aK4430.A4422.2003 |
| 100 | 3 |
_a العلي، عادل فليح , _eauthor _946508 |
|
| 245 | 0 | 0 | _aالمالية العامة والتشريع المالي والضريبي |
| 250 | _aط1 | ||
| 264 | 3 | 1 | _aعمان : دار الحامد ، 2003 |
| 300 | _a583ص | ||
| 336 |
_atext _btxt _2rdacontent |
||
| 337 |
_aunmediated _bn _2rdamedia |
||
| 338 |
_avolume _bnc _2rdacarrier |
||
| 650 | 4 |
_aالمالية العامة -- الاستثمارات -- الضرائب _946509 |
|
| 999 |
_aA20238 _c23806 _d23806 |
||